Disaster risk reduction governance in Assam: A study (Record no. 524121)

000 -LEADER
fixed length control field 01735nam a22001577a 4500
008 - FIXED-LENGTH DATA ELEMENTS--GENERAL INFORMATION
fixed length control field 231030b ||||| |||| 00| 0 eng d
100 ## - MAIN ENTRY--PERSONAL NAME
Personal name Gupta, Bhawna and Hazarika, Dikumoni
245 ## - TITLE STATEMENT
Title Disaster risk reduction governance in Assam: A study
260 ## - PUBLICATION, DISTRIBUTION, ETC. (IMPRINT)
Place of publication, distribution, etc Bihar Journal of Public Administration
300 ## - PHYSICAL DESCRIPTION
Extent 20(1), Jan-Jun, 2023: p.66-76
520 ## - SUMMARY, ETC.
Summary, etc Disaster Risk Governance and Crisis Management play a crucial role in strengthening the resilience of the citizens. Assam is prone to natural disasters such as earthquakes, floods, landslides, cyclones, and droughts that are common in Assam, of which floods alone affect 92.6 per cent of cultivated land. Covid-19 pandemic added to the miseries of the state. This attracts our attention towards understanding the governance mechanism of effective disaster management and risk reduction in the state. As such the present paper examines the disaster risk governance in Assam. For which the role of Assam State Disaster Management Authority (ASDMA) has been examined in terms of its structure and functioning. The present study, based on secondary data, highlights the importance of community readiness and community participation in disaster preparedness as an effective component of Disaster Risk Governance. It finds that there is need of adopting new techniques for both national and local strategies for disaster risk reduction. – Reproduced

http://www.iipabiharbranch.org/upload/Journal%20Volume%20XX.pdf
650 ## - SUBJECT ADDED ENTRY--TOPICAL TERM
Topical term or geographic name as entry element Natural disasters, DRR (Disaster risk reduction), Governance, ASDMA, District administration, Community participation, Assam.
9 (RLIN) 41338
773 ## - HOST ITEM ENTRY
Main entry heading Bihar Journal of Public Administration
906 ## - LOCAL DATA ELEMENT F, LDF (RLIN)
Subject DIP DISASTER MANAGEMENT
942 ## - ADDED ENTRY ELEMENTS (KOHA)
Item type Articles
Holdings
Withdrawn status Lost status Source of classification or shelving scheme Damaged status Not for loan Permanent location Current location Date acquired Serial Enumeration / chronology Barcode Date last seen Koha item type
          Indian Institute of Public Administration Indian Institute of Public Administration 2023-10-30 20(1), Jan-Jun, 2023: p.66-76 AR129997 2023-10-30 Articles

Powered by Koha